Cartas desde mi molino / (Registro nro. 32550)
[ vista simple ]
| 000 -CABECERA | |
|---|---|
| campo fijo de control de longitud | 00750nam a2200241 4500 |
| 001 - NÚMERO DE CONTROL | |
| campo de control | 32550 |
| 003 - IDENTIFICADOR DEL NÚMERO DE CONTROL | |
| campo de control | AR-RoBPED |
| 005 - FECHA Y HORADE LA ULTIMA TRANSACCION | |
| campo de control | 20260413100146.0 |
| 008 - ELEMENTOS DE LONGITUD FIJA--INFORMACION GENERAL | |
| campo fijo de control de longitud | 260410t1971 es |||er|||| 001 1 spa d |
| 040 ## - FUENTE CATALOGADORA | |
| Centro catalogador/agencia de origen | AR-RoBPED |
| 041 ## - IDIOMA | |
| Código de idioma para texto/pista de sonido o título independiente | spa |
| 100 1# - ENCABEZAMIENTO PRINCIPAL--AUTOR PERSONAL | |
| Nombre de persona | Daudet, Alphonse, |
| Fechas nac-muerte | 1840-1897 |
| 9 (RLIN) | 24174 |
| 245 1# - TITULO | |
| Título | Cartas desde mi molino / |
| Mención de responsabilidad | Alphonse Daudet; prólogo de Carmen Riera Guilera. |
| 260 ## - PUBLICACION | |
| Lugar | Estella : |
| Editor | Salvat, |
| Fecha | 1971. |
| 300 ## - DESCRIPCION FISICA | |
| Extensión | 165 p. |
| 490 0# - SERIE | |
| Mención de serie | (Biblioteca Basica Salvat; |
| Designación de volumen o secuencia | N° 92) |
| 650 #4 - TERMINO DE MATERIA--CONTROLADO | |
| Término controlado | LITERATURA FRANCESA |
| 9 (RLIN) | 393 |
| Término controlado | CUENTOS |
| 9 (RLIN) | 291 |
| Término controlado | RELATOS |
| 9 (RLIN) | 495 |
| 700 ## - ENCABEZAMIENTO SECUNDARIO--AUTOR PERSONAL | |
| Nombre de persona | Riera Guilera, Carmen |
| 9 (RLIN) | 30702 |
| Función | prol. |
| 942 ## - ELEMENTOS KOHA | |
| Fuente de clasificación | Universal Decimal Classification |
| Número Koha | k. 32550 |
| Koha tipo de ítem | Libro |
| Clasificación | 840-3 |
| Signatura librística | D 17 |
| Inventario | inv. 42377 |
| 945 ## - PROCESAMIENTO DE LA INFORMACIÓN LOCAL | |
| Catalogador y fecha | mm 10/04/2026 - cd 13/04/2026 |
| Estado retirado | Estado perdido | Fuente de clasificación | Estado dañado | No se presta | Biblioteca propietaria | Biblioteca de reserva | Fecha de adquisición | Procedencia | Total de préstamos | Signatura topográfica completa | Código de barras (nº de inventario) | Fecha visto por última vez | Catalogador y fecha | Tipo de ítem Koha | Nota pública |
|---|---|---|---|---|---|---|---|---|---|---|---|---|---|---|---|
| Universal Decimal Classification | Biblioteca Pedagógica Eudoro Díaz | Biblioteca Pedagógica Eudoro Díaz | 07/04/2026 | Donación | 840-3 D 17 | 42377 | 10/04/2026 | mm 10/04/2026 | Libro | Se presta 15 días. |